Odměňování zaměstnaneckých (podnikových) vynálezů a jeho přiměřenost - právní a ekonomické aspekty

Salvato in:
Dettagli Bibliografici
Autore principale: Svačina, Pavel
Altri autori: Boháček, Martin, Bačárová, Renáta, Rýdlová, Barbora
Natura: Libro
Lingua:ceco
slovacco
Pubblicazione: Praha Wolters Kluwer ČR 2020
Edizione:1. vydanie
Soggetti:
Tags: Aggiungi Tag
Nessun Tag, puoi essere il primo ad aggiungerne!!

MARC

LEADER 00000nam a2200000 4500
001 0278713
005 20230118125247.0
020 |a 978-80-7598-434-0 
041 0 |a cze 
041 0 |a slo 
044 |a CZ 
245 1 0 |a Odměňování zaměstnaneckých (podnikových) vynálezů a jeho přiměřenost - právní a ekonomické aspekty  |c Pavel Svačina ... [et al.] 
250 |a 1. vydanie 
264 1 |a Praha  |b Wolters Kluwer ČR  |c 2020 
300 |a 357 s. 
610 2 0 |a vynálezy 
610 2 0 |a odmeňovanie 
610 2 0 |a podnik 
610 2 0 |a zamestnanci 
610 2 0 |a právo patentové 
610 2 0 |a úpravy právne 
610 2 0 |a zákony 
610 2 0 |a Česko 
610 2 0 |a Slovensko 
100 1 |a Svačina, Pavel 
700 1 |a Boháček, Martin 
700 1 |a Bačárová, Renáta 
700 1 |a Rýdlová, Barbora